New developments in science teaching (Record no. 63480)
[ view plain ]
| 000 -LEADER | |
|---|---|
| fixed length control field | 00517nam a22001817a 4500 |
| 003 - CONTROL NUMBER IDENTIFIER | |
| control field | NUST - PNEC |
| 005 - DATE AND TIME OF LATEST TRANSACTION | |
| control field | 20170116180814.0 |
| 008 - FIXED-LENGTH DATA ELEMENTS--GENERAL INFORMATION | |
| fixed length control field | 150518b xxu||||| |||| 00| 0 eng d |
| 020 ## - INTERNATIONAL STANDARD BOOK NUMBER | |
| International Standard Book Number | - |
| 040 ## - CATALOGING SOURCE | |
| Transcribing agency | LIBRARY |
| 082 ## - DEWEY DECIMAL CLASSIFICATION NUMBER | |
| Classification number | 507 LEE |
| 100 ## - MAIN ENTRY--PERSONAL NAME | |
| 9 (RLIN) | 3562 |
| Personal name | Lee, Eugene C. |
| 245 ## - TITLE STATEMENT | |
| Title | New developments in science teaching |
| Statement of responsibility, etc. | Eugene C.Lee |
| 260 ## - PUBLICATION, DISTRIBUTION, ETC. | |
| Place of publication, distribution, etc. | California: |
| Name of publisher, distributor, etc. | Wadsworth, |
| Date of publication, distribution, etc. | c 1967. |
| 300 ## - PHYSICAL DESCRIPTION | |
| Extent | 111 p . : |
| 650 ## - SUBJECT ADDED ENTRY--TOPICAL TERM | |
| 9 (RLIN) | 3563 |
| Topical term or geographic name entry element | New developments in science teaching |
| General subdivision | Science--Study and teaching |
| 942 ## - ADDED ENTRY ELEMENTS (KOHA) | |
| Source of classification or shelving scheme | |
| Koha item type | Book |
| Withdrawn status | Lost status | Source of classification or shelving scheme | Damaged status | Not for loan | Permanent Location | Current Location | Shelving location | Date acquired | Source of acquisition | Cost, normal purchase price | Total Checkouts | Full call number | Barcode | Date last seen | Cost, replacement price | Price effective from | Koha item type |
|---|---|---|---|---|---|---|---|---|---|---|---|---|---|---|---|---|---|
| Pakistan Navy Engineering College (PNEC) | Pakistan Navy Engineering College (PNEC) | 12/30/2013 | W/O CTM NO.87/2013 | 0.00 | 507 LEE | PNECLIB-004394 | 05/18/2015 | 0.00 | 12/30/2013 | Book |
